000 00375nam a2200145Ia 4500
008 240624s9999 xx 000 0 und d
041 _aeng
082 _a519.5 PEC
100 _aPECK ROXY
245 _aSTATISTICS THE EXPLORATION AND ANALYSIS
250 _a(7th ed.)
260 _c2012
_aAustralia
_bCengage Learning
300 _axx, : 788 : p. : cm. ; 27
365 _c
_b25
999 _c26885
_d26885